000 00266nam a22001217a 4500
008 190129b xxu||||| |||| 00| 0 eng d
041 _aeng
080 _a591
100 _a7
101 _aZOO
245 _aMoths of Eastern America
_cCovell, Ch. V
942 _2udc
_cBK
999 _c53891
_d53891